Personages Hunter X Hunter (animé) - Statistiques

Statistiques générales
  • Ce quiz a été pris 8 370 fois
  • Le résultat moyen est 19 sur 92
Statistiques - réponses
Réponse % Correct
Gon
100%
Kirua
98%
Kurapika
91%
Leolio
89%
Hisoka
85%
Jin
78%
Meruem
70%
Pito
62%
Kuroro
59%
Netero
59%
Mito
56%
Irumi
52%
Feitan
47%
Biscuit
45%
Kaito
41%
Aruka/Nanika
38%
Zeno
35%
Silva
34%
Pufu
32%
Uvoguine
32%
Tompa
29%
Pakunoda
27%
Nobunaga
26%
Youpi
25%
Machi
24%
Sharnalk
23%
Genthru
22%
Hanzo
22%
Karuto
22%
Knuckle
22%
Miruki
21%
Shizuku
21%
Franklin
20%
Phinks
20%
Wing
20%
Pamu
19%
Morau
18%
Komugi
16%
Pariston
16%
Shoot
16%
Zushi
16%
Koruto
15%
Satotsu
12%
Bonorenof
11%
Goto
11%
Menchi
11%
Senritsu
11%
Kanaria
10%
Korutopi
10%
Meleoron
10%
Neon
10%
Ponzu
10%
Novu
9%
Chiidoru
8%
Kastro
8%
Mike
8%
Pokkuru
8%
Buhara
7%
Ikarugo
7%
Goreinu
6%
Guido
6%
Amane
5%
Amori
5%
Basho
5%
Binolt
5%
Bodoro
5%
Tsubone
5%
Imori
4%
Kanzai
4%
Rippo
4%
Sadaso
4%
Tsezugera
4%
Umori
4%
Botobai
3%
Gereta
3%
Geru
3%
Geru
3%
Ginta
3%
Kurukku
3%
Piyon
3%
Raser
3%
Riluberto
3%
Zebulo
3%
Bara
2%
Barbon
2%
Darzolne
2%
Jairo
2%
Werefin
2%
Ramotto
1%
Sabu
1%
Sachho
1%
Misaisutomu
0%
Aucun quiz correspondant
Distribution des résultats
% des personnes avec chaque résultat
Percentile par nombre de réponses
Votre historique - résultats
Vous n’avez pas pris ce quiz